00528 2200193 4500001002100000005001500021008004100036020002200077035001900099041000700118082001100125090001700136100004600153245004600199250001100245260003400256300002900290650001500319INLIS00000000001230520241224114335241224||||||||| | ||| |||| || |  a978-979-29-2037-6 0010-1224012305 aid0 a006.66 a006.66 SER s0 aSeri Belajar Kilat Adobe After Effect CS500aSeri Belajar Kilat Adobe After Effect CS5 acet.10 aJogjakartabAndi Offsetc2012 a132 hlm ,; 16 cm x 23 cm 0amultimedia